|
|
|
|
| LEADER |
01232nam a2200301 a 4500 |
| 001 |
30700 |
| 003 |
BD-DhAAL |
| 005 |
20151220185927.0 |
| 008 |
151220s2015 ii a 000 m eng |
| 020 |
|
|
|a 9788190199986
|
| 020 |
|
|
|a 978184523xxx
|
| 020 |
|
|
|a 9780930324988 (Print edition)
|
| 020 |
|
|
|a 9781609400453 (ePub)
|
| 020 |
|
|
|a 9781609400460 (Kindle)
|
| 020 |
|
|
|a 9781609400477 (library PDF)
|
| 040 |
|
|
|a BD-DhAAL
|c BD-DhAAL
|
| 082 |
0 |
4 |
|a 821.91408
|2 23
|
| 100 |
1 |
|
|a Sen, Sudeep.
|9 16629
|
| 245 |
1 |
0 |
|a Fractals /
|c Sudeep Sen.
|
| 260 |
|
|
|a Mumbai :
|b Gallerie/MapinLit ;
|a United Kindom :
|b Peepal Tree Press,
|c c2015.
|
| 300 |
|
|
|a 383 p. :
|b ill. ;
|c 22 cm.
|
| 526 |
|
|
|a ENH
|
| 541 |
|
|
|e 30700
|
| 650 |
|
0 |
|a Indic poetry (English)
|9 16868
|
| 942 |
|
|
|2 ddc
|c BK
|
| 999 |
|
|
|c 36418
|d 36418
|
| 952 |
|
|
|0 0
|1 0
|2 ddc
|4 0
|6 821_914080000000000_SEN
|7 0
|9 57293
|a BRACUL
|b BRACUL
|c GEN
|d 2015-12-20
|e Department of English and Humanities (ENH)
|g 1000.00
|l 1
|o 821.91408 SEN
|p 3010030700
|r 2022-11-21
|s 2022-11-14
|t 1
|w 2015-12-20
|y BK
|
| 952 |
|
|
|0 0
|1 0
|2 ddc
|4 0
|6 821_914080000000000_SEN
|7 0
|9 57294
|a BRACUL
|b BRACUL
|c GEN
|d 2015-12-20
|e Department of English and Humanities (ENH)
|g 1000.00
|l 1
|o 821.91408 SEN
|p 3010030701
|r 2023-03-14
|s 2022-03-08
|t 2
|w 2015-12-20
|y BK
|